[Event "American Continental Rapid 18th"]
[Site "Medellin"]
[Date "2024.06.01"]
[Round "9"]
[White "Cahuapaza Tarapaca, Leonardo"]
[Black "Figueroa Rincon, Cesar Fabian"]
[Result "1/2-1/2"]
[WhiteElo "2105"]
[BlackElo "1849"]
[PlyCount "56"]
[EventDate "2024.06.01"]
[EventType "swiss (rapid)"]
[EventRounds "9"]
[EventCountry "COL"]
[SourceTitle "CB23_2024"]
[SourceDate "2024.06.05"]
[SourceVersion "1"]
[SourceVersionDate "2024.06.05"]
[SourceQuality "1"]

1. d4 Nf6 2. Bf4 g6 3. Nc3 d5 4. e3 Bg7 5. h4 Nbd7 6. Nb5 e5 7. dxe5 Nh5 8. Qxd5 0-0 9. Nc3 c6 10. Qd6 Qb6 11. 0-0-0 Nxf4 12. exf4 Qxf2 13. Nf3 Nb6 14. Rd2 Qg3 15. Ne2 Qg4 16. Qd4 Be6 17. Rh3 Bd5 18. Rg3 Qh5 19. Nc3 Bxf3 20. Rxf3 Qxh4 21. Rh3 Qe7 22. Ne4 Rad8 23. Qf2 Rxd2 24. Qxd2 Rd8 25. Rd3 Rxd3 26. Qxd3 Nd5 27. g3 Qb4 28. Nd2 Qc5 1/2-1/2

[Event "American Continental Rapid 18th"]
[Site "Medellin"]
[Date "2024.06.01"]
[Round "7"]
[White "Castro Lombana, Juan Pablo"]
[Black "Figueroa Rincon, Cesar Fabian"]
[Result "1/2-1/2"]
[WhiteElo "1929"]
[BlackElo "1849"]
[PlyCount "82"]
[EventDate "2024.06.01"]
[EventType "swiss (rapid)"]
[EventRounds "9"]
[EventCountry "COL"]
[SourceTitle "CB23_2024"]
[SourceDate "2024.06.05"]
[SourceVersion "1"]
[SourceVersionDate "2024.06.05"]
[SourceQuality "1"]

1. e4 d5 2. exd5 Qxd5 3. c4 Qd6 4. d4 c5 5. dxc5 Qxd1+ 6. Kxd1 e5 7. Be3 Nc6 8. Nc3 Be6 9. Be2 Nf6 10. Ke1 0-0-0 11. Nf3 Ng4 12. Bd2 Bxc5 13. Ne4 Bb4 14. Bxb4 Nxb4 15. Rc1 f6 16. Nc5 Bf5 17. Nh4 g6 18. h3 Nh6 19. g4 Nd3+ 20. Bxd3 Bxd3 21. Rc3 e4 22. Nxd3 exd3 23. Kd2 Rd4 24. Rxd3 Rxc4 25. Re1 Rd8 26. Re7 Rc7 27. Re6 Rc6 28. Rxc6+ bxc6 29. f4 Nf7 30. Rxd8+ Kxd8 31. Kd3 Kd7 32. a3 c5 33. Nf3 Kc6 34. h4 Kd5 35. b3 Nd6 36. g5 fxg5 37. hxg5 Ke6 38. Ne5 Kf5 39. Ke3 Nb5 40. Nd7 Nxa3 41. Nxc5 Nc2+ 1/2-1/2

[Event "American Continental Rapid 18th"]
[Site "Medellin"]
[Date "2024.06.01"]
[Round "2"]
[White "Figueroa Rincon, Cesar Fabian"]
[Black "Briceno Suarez, Elisabet"]
[Result "1-0"]
[WhiteElo "1849"]
[BlackElo "1535"]
[PlyCount "59"]
[EventDate "2024.06.01"]
[EventType "swiss (rapid)"]
[EventRounds "9"]
[EventCountry "COL"]
[SourceTitle "CB23_2024"]
[SourceDate "2024.06.05"]
[SourceVersion "1"]
[SourceVersionDate "2024.06.05"]
[SourceQuality "1"]

1. e4 e5 2. Nf3 Nc6 3. Bb5 a6 4. Ba4 Nf6 5. 0-0 d6 6. Re1 g6 7. c3 Bg7 8. d4 exd4 9. cxd4 b5 10. Bb3 Na5 11. e5 dxe5 12. Nxe5 0-0 13. Bc2 Bb7 14. Nc3 Nc6 15. Nf3 Ne8 16. Be3 Nd6 17. Ne4 Nxe4 18. Bxe4 f5 19. Bxc6 Bxc6 20. Rc1 Bd5 21. a4 Bxf3 22. Qxf3 bxa4 23. Rc4 Qd7 24. Rec1 Qb5 25. Rxc7 Qxb2 26. Qd5+ Kh8 27. Rxg7 Kxg7 28. Rc7+ Kh8 29. Qe5+ Kg8 30. Qg7# 1-0

[Event "American Continental Rapid 18th"]
[Site "Medellin"]
[Date "2024.06.01"]
[Round "8"]
[White "Figueroa Rincon, Cesar Fabian"]
[Black "Duarte Carreno, Samuel Dario"]
[Result "1-0"]
[WhiteElo "1849"]
[BlackElo "1863"]
[PlyCount "93"]
[EventDate "2024.06.01"]
[EventType "swiss (rapid)"]
[EventRounds "9"]
[EventCountry "COL"]
[SourceTitle "CB23_2024"]
[SourceDate "2024.06.05"]
[SourceVersion "1"]
[SourceVersionDate "2024.06.05"]
[SourceQuality "1"]

1. e4 c5 2. Nf3 Nc6 3. c3 e5 4. Bc4 d6 5. h3 Be6 6. Be2 f6 7. 0-0 Qd7 8. d4 cxd4 9. cxd4 exd4 10. Nxd4 Nxd4 11. Qxd4 Ne7 12. Nc3 Nc6 13. Qd1 Be7 14. Bf4 0-0 15. Nd5 Ne5 16. Rc1 Rfc8 17. a4 Bd8 18. Bb5 Qf7 19. Qd4 a6 20. Be2 Bxd5 21. exd5 Qd7 22. Bxe5 dxe5 23. Qe4 Rxc1 24. Rxc1 Rc8 25. Rxc8 Qxc8 26. d6 Qc1+ 27. Kh2 Qf4+ 28. Qxf4 exf4 29. Bf3 b6 30. Bb7 a5 31. Bd5+ Kf8 32. g4 fxg3+ 33. Kxg3 Ke8 34. Be6 Kf8 35. Kf4 g6 36. Ke4 Kg7 37. Kd5 f5 38. Kc6 Kf6 39. Kd7 Ke5 40. Kxd8 Kxd6 41. Bg8 h5 42. Bh7 g5 43. Bxf5 Ke5 44. Bg6 g4 45. Bxh5 gxh3 46. Bf3 h2 47. Kc7 1-0

[Event "American Continental Rapid 18th"]
[Site "Medellin"]
[Date "2024.06.01"]
[Round "3"]
[White "Lopez Gaviria, Alvaro Diego"]
[Black "Figueroa Rincon, Cesar Fabian"]
[Result "1-0"]
[WhiteElo "1971"]
[BlackElo "1849"]
[PlyCount "73"]
[EventDate "2024.06.01"]
[EventType "swiss (rapid)"]
[EventRounds "9"]
[EventCountry "COL"]
[SourceTitle "CB23_2024"]
[SourceDate "2024.06.05"]
[SourceVersion "1"]
[SourceVersionDate "2024.06.05"]
[SourceQuality "1"]

1. d4 Nf6 2. Bf4 g6 3. e3 Bg7 4. Nf3 0-0 5. h3 d6 6. Be2 Nbd7 7. 0-0 b6 8. c4 Bb7 9. Nc3 h6 10. Bh2 Re8 11. b4 c5 12. bxc5 dxc5 13. a4 a6 14. Rb1 Ne4 15. Qc2 cxd4 16. Nxe4 dxe3 17. fxe3 f5 18. Nc3 Nc5 19. Rfd1 Nd7 20. Nd5 Bxd5 21. Rxd5 e6 22. Rd2 e5 23. Rbd1 Ra7 24. c5 bxc5 25. Bxa6 Rxa6 26. Qc4+ Rae6 27. Rxd7 Qf6 28. Bxe5 Qxe5 29. Nxe5 Bxe5 30. a5 Kf8 31. a6 Bf6 32. a7 Bg5 33. e4 Be3+ 34. Kh1 Rf6 35. Rd8 Bd4 36. Rxe8+ Kxe8 37. a8Q+ 1-0

[Event "American Continental Blitz 18th"]
[Site "Medellin"]
[Date "2024.05.29"]
[Round "6"]
[White "Figueroa Rincon, Cesar Fabian"]
[Black "Guerrero Fandino, Gustavo A"]
[Result "0-1"]
[WhiteElo "1845"]
[BlackElo "2127"]
[PlyCount "52"]
[EventDate "2024.05.29"]
[EventType "swiss (blitz)"]
[EventRounds "9"]
[EventCountry "COL"]
[SourceTitle "CB23_2024"]
[SourceDate "2024.06.05"]
[SourceVersion "1"]
[SourceVersionDate "2024.06.05"]
[SourceQuality "1"]

1. e4 c5 2. Nf3 Nc6 3. c3 g6 4. d4 cxd4 5. cxd4 d5 6. e5 Bg7 7. Nc3 e6 8. Bb5 Nge7 9. 0-0 0-0 10. Be3 Nf5 11. Qd2 a6 12. Bd3 Bd7 13. Bxf5 gxf5 14. Bh6 f6 15. Bxg7 Kxg7 16. exf6+ Qxf6 17. Rad1 Rae8 18. Qg5+ Qxg5 19. Nxg5 Re7 20. f4 Kf6 21. Nf3 Rg7 22. g3 h5 23. Kf2 Na5 24. Ne5 Nc6 25. Nxd7+ Rxd7 26. Na4 Rc7 0-1

[Event "American Continental Blitz 18th"]
[Site "Medellin"]
[Date "2024.05.29"]
[Round "9"]
[White "Figueroa Rincon, Cesar Fabian"]
[Black "Lopez, Ricardo Andres"]
[Result "1-0"]
[WhiteElo "1845"]
[BlackElo "1837"]
[PlyCount "105"]
[EventDate "2024.05.29"]
[EventType "swiss (blitz)"]
[EventRounds "9"]
[EventCountry "COL"]
[SourceTitle "CB23_2024"]
[SourceDate "2024.06.05"]
[SourceVersion "1"]
[SourceVersionDate "2024.06.05"]
[SourceQuality "1"]

1. e4 c5 2. Nf3 d6 3. c3 Nf6 4. Bd3 Nc6 5. Bc2 e5 6. 0-0 Be6 7. d4 cxd4 8. cxd4 Nb4 9. Ba4+ Bd7 10. Bxd7+ Qxd7 11. dxe5 Nxe4 12. Re1 Nc5 13. exd6+ Ne6 14. a3 Nc6 15. Ng5 Bxd6 16. Nxe6 fxe6 17. Nc3 0-0-0 18. Qe2 Rde8 19. Ne4 Bb8 20. Be3 Rhf8 21. Rad1 Qe7 22. Bc5 Qf7 23. Bxf8 Rxf8 24. Nd6+ Bxd6 25. Rxd6 e5 26. b4 Kc7 27. Rd2 a6 28. a4 Nxb4 29. Qxe5+ Kc8 30. Qe6+ Qxe6 31. Rxe6 Rf7 32. f3 Nc6 33. Rc2 Kd7 34. Ree2 Rf5 35. Red2+ Kc7 36. Rc4 Kb6 37. Rb2+ Kc7 38. Rd2 Re5 39. Re4 Rc5 40. Re8 Kb6 41. Rg8 Rg5 42. h4 Rg6 43. Rd7 Ne5 44. Rdxg7 Nxf3+ 45. Kf2 Nxh4 46. Rxg6+ hxg6 47. g3 Nf5 48. Rxg6+ Kc7 49. Rf6 Nd6 50. Ke3 Nc4+ 51. Kd4 Nb2 52. a5 Kd7 53. Rf2 1-0

[Event "American Continental Blitz 18th"]
[Site "Medellin"]
[Date "2024.05.29"]
[Round "1"]
[White "Figueroa Rincon, Cesar Fabian"]
[Black "Mora Munoz, Alejandro"]
[Result "0-1"]
[WhiteElo "1845"]
[BlackElo "2066"]
[PlyCount "59"]
[EventDate "2024.05.29"]
[EventType "swiss (blitz)"]
[EventRounds "9"]
[EventCountry "COL"]
[SourceTitle "CB23_2024"]
[SourceDate "2024.06.05"]
[SourceVersion "1"]
[SourceVersionDate "2024.06.05"]
[SourceQuality "1"]

1. e4 c5 2. Nf3 d6 3. c3 Nf6 4. Bd3 g6 5. Bc2 Bg7 6. d4 cxd4 7. cxd4 0-0 8. 0-0 Nc6 9. Nc3 Bg4 10. Be3 Nd7 11. Qd2 Bxf3 12. gxf3 Nb6 13. b3 Qd7 14. Ne2 d5 15. e5 Qh3 16. Nf4 Qd7 17. Kg2 a5 18. Nd3 Qc8 19. Rac1 Nd7 20. Nf4 e6 21. Ne2 Qb8 22. f4 Ne7 23. Nc3 f6 24. Nb5 fxe5 25. fxe5 Ra6 26. Bd3 Nf5 27. Bxf5 Rxf5 28. a4 Rh5 29. Rc7 Qd8 30. Rfc1 0-1

[Event "American Continental Blitz 18th"]
[Site "Medellin"]
[Date "2024.05.29"]
[Round "5"]
[White "Figueroa Rincon, Cesar Fabian"]
[Black "Ortiz Monsalve, Sebastian"]
[Result "1/2-1/2"]
[WhiteElo "1845"]
[BlackElo "1881"]
[PlyCount "113"]
[EventDate "2024.05.29"]
[EventType "swiss (blitz)"]
[EventRounds "9"]
[EventCountry "COL"]
[SourceTitle "CB23_2024"]
[SourceDate "2024.06.05"]
[SourceVersion "1"]
[SourceVersionDate "2024.06.05"]
[SourceQuality "1"]

1. e4 e6 2. d3 d5 3. Nd2 Nf6 4. Ngf3 b6 5. g3 dxe4 6. dxe4 Bc5 7. Bg2 Ba6 8. c4 Qd3 9. Qb3 Qxb3 10. axb3 Bb7 11. 0-0 Nxe4 12. Ng5 Nd6 13. Nde4 Nxe4 14. Nxe4 Nd7 15. Bf4 e5 16. Nxc5 Bxg2 17. Kxg2 bxc5 18. Be3 Ke7 19. Ra5 Rab8 20. Rxa7 Rxb3 21. Rxc7 Kd6 22. Ra7 Rd8 23. Rd1+ Kc6 24. Bxc5 Kxc5 25. Rdxd7 Rxd7 26. Rxd7 f6 27. Rxg7 Kxc4 28. Rxh7 Rxb2 29. Rf7 Rb6 30. h4 Kd5 31. h5 Ke6 32. Rh7 Kf5 33. Kh3 Kg5 34. Rh8 Rb7 35. Kg2 Rc7 36. Kf3 Rc3+ 37. Ke4 Rc4+ 38. Kd5 Rc2 39. f3 Rf2 40. Ke4 Re2+ 41. Kd3 Rg2 42. g4 Rg3 43. Ke4 Rg2 44. h6 Re2+ 45. Kd3 Rf2 46. Ke3 Rh2 47. h7 Kh6 48. Rf8 Kg7 49. h8Q+ Rxh8 50. Rxh8 Kxh8 51. Ke4 Kg8 52. g5 fxg5 53. Kxe5 Kh7 54. Kf5 Kh6 55. Kg4 Kg6 56. f4 gxf4 57. Kxf4 1/2-1/2

[Event "American Continental Blitz 18th"]
[Site "Medellin"]
[Date "2024.05.29"]
[Round "4"]
[White "Wong Pages, Juan Diego"]
[Black "Figueroa Rincon, Cesar Fabian"]
[Result "1-0"]
[WhiteElo "2025"]
[BlackElo "1845"]
[PlyCount "73"]
[EventDate "2024.05.29"]
[EventType "swiss (blitz)"]
[EventRounds "9"]
[EventCountry "COL"]
[SourceTitle "CB23_2024"]
[SourceDate "2024.06.05"]
[SourceVersion "1"]
[SourceVersionDate "2024.06.05"]
[SourceQuality "1"]

1. e4 d6 2. d4 Nf6 3. Nc3 g6 4. f3 a6 5. a4 Nbd7 6. Be3 h5 7. Qd2 Bg7 8. Bc4 e5 9. Nge2 b6 10. Bg5 exd4 11. Nxd4 Ne5 12. Bd5 Rb8 13. Nc6 Nxc6 14. Bxc6+ Bd7 15. Bd5 c6 16. Bb3 Qc7 17. 0-0-0 0-0 18. Qxd6 Qxd6 19. Rxd6 Be6 20. Bxe6 fxe6 21. Rxc6 Nh7 22. Be3 Rfc8 23. Rxe6 Kf7 24. Rxb6 Rxb6 25. Bxb6 Bxc3 26. bxc3 Rxc3 27. Rd1 Rc4 28. Rd7+ Kg8 29. a5 Ra4 30. Bd8 Ra1+ 31. Kb2 Rg1 32. Rd6 Rxg2 33. Rxa6 g5 34. Rd6 Rxh2 35. a6 g4 36. fxg4 h4 37. a7 1-0

[Event "COL-ch sf"]
[Site "Pereira"]
[Date "2024.03.29"]
[Round "6"]
[White "Figueroa Rincon, Cesar Fabian"]
[Black "Parra Varon, Diego Alexander"]
[Result "1/2-1/2"]
[WhiteElo "1794"]
[BlackElo "1923"]
[PlyCount "42"]
[EventDate "2024.03.26"]
[EventType "swiss"]
[EventRounds "11"]
[EventCountry "COL"]
[SourceTitle "CB14_2024"]
[SourceDate "2024.04.01"]
[SourceVersion "1"]
[SourceVersionDate "2024.04.01"]
[SourceQuality "1"]

1. e4 c5 2. Nf3 e6 3. d3 d5 4. Nbd2 Nc6 5. g3 Nf6 6. Bg2 Be7 7. 0-0 0-0 8. e5 Nd7 9. Re1 Qc7 10. Qe2 f6 11. exf6 Nxf6 12. Bh3 e5 13. Bxc8 Qxc8 14. Nxe5 Nd4 15. Qd1 Bd6 16. f3 Qh3 17. c3 Nf5 18. Nf1 d4 19. Qb3+ Kh8 20. Nf7+ Rxf7 21. Qxf7 Bxg3 1/2-1/2

[Event "ARG-ch U18"]
[Site "Ibague"]
[Date "2024.03.15"]
[Round "2"]
[White "Figueroa Rincon, Cesar Fabian"]
[Black "Campos Gomez, Manuel"]
[Result "0-1"]
[WhiteElo "1794"]
[BlackElo "2281"]
[PlyCount "52"]
[EventDate "2024.03.14"]
[EventType "swiss"]
[EventRounds "7"]
[EventCountry "COL"]
[SourceTitle "CB12_2024"]
[SourceDate "2023.10.01"]
[SourceVersion "1"]
[SourceVersionDate "2023.10.01"]
[SourceQuality "1"]

1. e4 c5 2. Nf3 Nc6 3. d3 g6 4. g3 Bg7 5. Bg2 d6 6. c3 e5 7. Nbd2 Nge7 8. Nf1 0-0 9. Ne3 d5 10. 0-0 d4 11. Nd5 dxc3 12. Nxe7+ Qxe7 13. bxc3 Rd8 14. Qc2 b6 15. Rd1 Ba6 16. Be3 Rac8 17. Rd2 Rd6 18. Rad1 Qd7 19. Bf1 Nd4 20. cxd4 cxd4 21. Qb3 dxe3 22. fxe3 Qe7 23. Rf2 Rdc6 24. d4 Bxf1 25. Kxf1 Rc3 26. Qb1 Bh6 0-1

[Event "Medellin Flores op 30th"]
[Site "Medellin"]
[Date "2023.08.05"]
[Round "5"]
[White "Negron Lizarazo, Juan Sebastian"]
[Black "Figueroa Rincon, Cesar Fabian"]
[Result "1/2-1/2"]
[WhiteElo "1689"]
[BlackElo "1413"]
[PlyCount "129"]
[EventDate "2023.08.03"]
[EventType "swiss"]
[EventRounds "9"]
[EventCountry "COL"]
[SourceTitle "EXT 2024"]
[Source "ChessBase"]
[SourceDate "2023.10.10"]
[SourceVersion "1"]
[SourceVersionDate "2023.10.10"]
[SourceQuality "1"]

1. e4 d6 2. d4 Nf6 3. Nc3 g6 4. Be3 Bg7 5. Qd2 c6 6. f3 Nbd7 7. 0-0-0 b5 8. Bh6 Bxh6 9. Qxh6 Qa5 10. Kb1 Bb7 11. g3 0-0-0 12. Bg2 Nb6 13. Qc1 Nc4 14. Nh3 Nd7 15. Ng5 Rdf8 16. Bh3 h6 17. Bxd7+ Kxd7 18. Nh3 Kc7 19. Nf4 Ba6 20. Ka1 Rb8 21. b4 Qa3 22. Qxa3 Nxa3 23. Kb2 Nc4+ 24. Kb3 Bb7 25. d5 a5 26. a4 axb4 27. axb5 Ne3 28. Rd3 bxc3 29. Rxe3 cxb5 30. Rxc3+ Kd7 31. Ra1 Rhc8 32. Ne2 Ra8 33. Rxa8 Rxa8 34. Nd4 Rb8 35. Kb4 e5 36. Nc6 Bxc6 37. Rxc6 Ra8 38. Kxb5 Ra1 39. f4 exf4 40. gxf4 Rb1+ 41. Ka6 Ra1+ 42. Kb7 Rb1+ 43. Rb6 Rc1 44. e5 dxe5 45. fxe5 Rxc2 46. Rd6+ Ke7 47. Rf6 Re2 48. d6+ Ke8 49. Kc7 Rc2+ 50. Kb6 Rb2+ 51. Kc5 Rc2+ 52. Kd5 Rd2+ 53. Kc4 Re2 54. Kd4 Rd2+ 55. Ke3 Rd1 56. Rf2 Re1+ 57. Kf4 Kd7 58. Ra2 Ke6 59. Ra5 f5 60. exf6 Kxf6 61. Rd5 Re8 62. d7 Rd8 63. Rd6+ Ke7 64. Rxg6 Rxd7 65. Rxh6 1/2-1/2

[Event "COL-ch U14"]
[Site "Cartagena"]
[Date "2023.04.14"]
[Round "3"]
[White "Negron Lizarazo, Juan Sebastian"]
[Black "Figueroa Rincon, Cesar Fabian"]
[Result "1-0"]
[WhiteElo "1589"]
[BlackElo "1310"]
[PlyCount "85"]
[EventDate "2023.04.13"]
[EventType "swiss"]
[EventRounds "7"]
[EventCountry "COL"]
[SourceTitle "CBM 213 Extra"]
[Source "ChessBase"]
[SourceDate "2023.05.31"]
[SourceVersion "1"]
[SourceVersionDate "2023.05.31"]
[SourceQuality "1"]

1. e4 e5 2. d4 exd4 3. Nf3 Nc6 4. c3 d5 5. exd5 Qxd5 6. cxd4 Bg4 7. Be2 0-0-0 8. Nc3 Bb4 9. a3 Bxc3+ 10. bxc3 Nf6 11. 0-0 Qa5 12. Bb2 Rhe8 13. Qc2 Bf5 14. Bd3 Bxd3 15. Qxd3 h6 16. Rfe1 Qb6 17. Qc2 Qa5 18. Rad1 Rxe1+ 19. Rxe1 Re8 20. Rxe8+ Nxe8 21. h3 Nd6 22. c4 g6 23. c5 Nb5 24. Qb3 Nbxd4 25. Nxd4 Qe1+ 26. Kh2 Qe5+ 27. Qg3 Qxc5 28. Qg4+ Kd8 29. Nxc6+ Qxc6 30. Qd4+ Qd6+ 31. Qxd6+ cxd6 32. Kg3 Kd7 33. Kf4 Kc6 34. Ke4 Kc5 35. Bd4+ Kc4 36. Bxa7 f5+ 37. Kf4 Kb3 38. Bb8 d5 39. Ke5 Kc4 40. Ba7 b5 41. h4 g5 42. hxg5 hxg5 43. Kxf5 1-0